[Event "Santiago Torneo de Invierno"]
[Site "Santiago de Chile"]
[Date "2015.07.21"]
[Round "2.3"]
[White "Ponce Migone, Angel"]
[Black "Jaramillo Barraza, Cristian"]
[Result "0-1"]
[WhiteElo "1733"]
[BlackElo "1916"]
[PlyCount "90"]
[EventDate "2015.07.14"]
[EventType "tourn"]
[EventRounds "9"]
[EventCountry "CHI"]
[SourceTitle "EXT 2024"]
[Source "ChessBase"]
[SourceDate "2023.10.10"]
[SourceVersion "1"]
[SourceVersionDate "2023.10.10"]
[SourceQuality "1"]

1. e4 e5 2. Nf3 Nc6 3. Bb5 a6 4. Ba4 Nf6 5. 0-0 Be7 6. Re1 b5 7. Bb3 d6 8. c3 0-0 9. h3 Bb7 10. d4 Re8 11. Ng5 Rf8 12. Nf3 h6 13. Nbd2 Re8 14. Nf1 Bf8 15. d5 Na5 16. Bc2 c6 17. dxc6 Bxc6 18. Ng3 Qc7 19. Nh2 d5 20. exd5 Rad8 21. Ng4 Nxg4 22. Qxg4 Bxd5 23. Nh5 Qc6 24. Re3 g6 25. Ng3 Nc4 26. Re1 Bg7 27. a4 Nd6 28. axb5 axb5 29. Ra7 Bxg2 30. Bxg6 Bf3 31. Qh4 fxg6 32. Rxg7+ Kxg7 33. Qxh6+ Kf7 34. Qh7+ Kf6 35. Qh4+ Ke6 36. Qg5 Kf7 37. Re3 e4 38. Qf4+ Kg7 39. Re1 Nf7 40. Be3 Rd1 41. Bd4+ Kg8 42. Rxd1 Bxd1 43. Qd2 Bf3 44. Qf4 Qe6 45. Qc7 Qxh3 0-1